Pays où la température a déjà dépassé les 50 degrés - Statistiques

Statistiques générales
  • Ce quiz a été pris 448 fois
  • Le résultat moyen est 16 sur 21
Statistiques - réponses
Température record (°C) Pays % Correct
50,6 Algérie
92%
56,7 Etats-Unis
90%
50,3 Egypte
87%
52,5 Iran
87%
52 Arabie saoudite
85%
51 Inde
85%
53,9 Irak
85%
52 Mexique
85%
50,2 Libye
80%
50,4 Qatar
80%
55 Tunisie
78%
53,5 Pakistan
76%
50,8 Oman
75%
50,7 Australie
74%
52,5 Afghanistan
69%
54 Koweït
67%
51,4 Israël
66%
50 Jordanie
64%
50,3 Emirats arabes unis
58%
50 Afrique du Sud
47%
50,1 Turkménistan
34%
Aucun quiz correspondant
Distribution des résultats
% des personnes avec chaque résultat
Percentile par nombre de réponses
Votre historique - résultats
Vous n’avez pas pris ce quiz